MARC details
| 000 -CABECERA |
| campo de control de longitud fija |
02604nam a2200409Ia 4500 |
| 001 - NÚMERO DE CONTROL |
| campo de control |
991107278048006196 |
| 005 - FECHA Y HORA DE LA ÚLTIMA TRANSACCIÓN |
| campo de control |
20251124123745.0 |
| 006 - CÓDIGOS DE INFORMACIÓN DE LONGITUD FIJA--CARACTERÍSTICAS DEL MATERIAL ADICIONAL |
| campo de control de longitud fija |
m o d |
| 007 - CAMPO FIJO DE DESCRIPCIÓN FÍSICA--INFORMACIÓN GENERAL |
| campo de control de longitud fija |
cr ||||||||||| |
| 008 - DATOS DE LONGITUD FIJA--INFORMACIÓN GENERAL |
| campo de control de longitud fija |
230426s2023 enk o 001 0 eng |
| 020 ## - NÚMERO INTERNACIONAL ESTÁNDAR DEL LIBRO |
| Número Internacional Estándar del Libro |
9781350299436 |
| 024 7# - IDENTIFICADOR DE OTROS ESTÁNDARES |
| Número estándar o código |
10.5040/9781350299450 |
| Fuente del número o código |
doi |
| 035 ## - NÚMERO DE CONTROL DEL SISTEMA |
| Número de control de sistema |
(CKB)5860000000311105 |
| 035 ## - NÚMERO DE CONTROL DEL SISTEMA |
| Número de control de sistema |
(NjHacI)995860000000311105 |
| 035 ## - NÚMERO DE CONTROL DEL SISTEMA |
| Número de control de sistema |
(OCoLC)1377668246 |
| 035 ## - NÚMERO DE CONTROL DEL SISTEMA |
| Número de control de sistema |
(UkLoBP)BP9781350299450BC |
| 035 ## - NÚMERO DE CONTROL DEL SISTEMA |
| Número de control de sistema |
(MiAaPQ)EBC30789663 |
| 035 ## - NÚMERO DE CONTROL DEL SISTEMA |
| Número de control de sistema |
(Au-PeEL)EBL30789663 |
| 035 ## - NÚMERO DE CONTROL DEL SISTEMA |
| Número de control de sistema |
(Perlego)4173625 |
| 035 ## - NÚMERO DE CONTROL DEL SISTEMA |
| Número de control de sistema |
(EXLCZ)995860000000311105 |
| 040 ## - FUENTE DE LA CATALOGACIÓN |
| Centro catalogador/agencia de origen |
UkLoBP |
| Lengua de catalogación |
eng |
| Normas de descripción |
rda |
| Centro/agencia transcriptor |
UkLoBP |
| 041 ## - CÓDIGO DE LENGUA |
| Código de lengua del texto/banda sonora o título independiente |
English |
| 050 #4 - SIGNATURA TOPOGRÁFICA DE LA BIBLIOTECA DEL CONGRESO |
| Número de clasificación |
TP983 |
| Número de documento/Ítem |
.K373 2023 |
| 100 ## - ENTRADA PRINCIPAL--NOMBRE DE PERSONA |
| Nombre de persona |
Karchin, Lindsay, |
| 9 (RLIN) |
25470 |
| 245 00 - MENCIÓN DE TÍTULO |
| Título |
Cosmetics Marketing |
| Resto del título |
: Strategy and Innovation in the Beauty Industry |
| Mención de responsabilidad, etc. |
/ Lindsay Karchin and Delphine Horvath. |
| 250 ## - MENCIÓN DE EDICIÓN |
| Mención de edición |
First edtion |
| 264 #1 - PRODUCCIÓN, PUBLICACIÓN, DISTRIBUCIÓN, FABRICACIÓN Y COPYRIGHT |
| Producción, publicación, distribución, fabricación y copyright |
London : |
| Nombre del de productor, editor, distribuidor, fabricante |
Bloomsbury Visual Arts, |
| Fecha de producción, publicación, distribución, fabricación o copyright |
2023. |
| 264 #2 - PRODUCCIÓN, PUBLICACIÓN, DISTRIBUCIÓN, FABRICACIÓN Y COPYRIGHT |
| Producción, publicación, distribución, fabricación y copyright |
London : |
| Nombre del de productor, editor, distribuidor, fabricante |
Bloomsbury Publishing (UK), |
| Fecha de producción, publicación, distribución, fabricación o copyright |
2023. |
| 300 ## - DESCRIPCIÓN FÍSICA |
| Extensión |
viii, 195 pages : |
| Otras características físicas |
illustrations |
| 504 ## - NOTA DE BIBLIOGRAFÍA, ETC. |
| Nota de bibliografía, etc. |
Includes bibliographical references and index. |
| 505 0# - NOTA DE CONTENIDO CON FORMATO |
| Nota de contenido con formato |
A Brief History of Makeup<br/>— Understanding the Cosmetics Market<br/>— Strategies in Cosmetics Marketing<br/>— Innovation and Evolution<br/>— Planning a Beauty Career<br/>— Makeup Theory and Approaches. |
| 520 ## - SUMARIO, ETC. |
| Sumario, etc. |
Discover the tools required to pursue your career in cosmetics marketing. Through an in-depth analysis of this fast-growing and complex industry, Cosmetics Marketing: Strategy and Innovation in the Beauty Industry provides thought-provoking, industry-led exercises and case studies to demonstrate the role of aesthetics, authentic communication, emerging technologies, cultural trends, and the measurement of marketing efforts. There are also practical, beautifully illustrated resources for entering the field, exercises for boosting creativity, preparations for interviews, as well as an overview of the beauty products and theory used by makeup artists and product developers. With a focus on the evolution of the industry and its social responsibilities in terms of inclusivity and sustainability, this is a core text for cosmetics courses in marketing and business at the undergraduate and graduate levels. Cosmetics Marketing is the ultimate guide to this powerful, multi-billion dollar global industry and will influence and support the next generation of leaders in beauty. |
| 650 #0 - PUNTO DE ACCESO ADICIONAL DE MATERIA--TÉRMINO DE MATERIA |
| Término de materia o nombre geográfico como elemento de entrada |
Cosmetics |
| Subdivisión general |
Marketing. |
| 650 #0 - PUNTO DE ACCESO ADICIONAL DE MATERIA--TÉRMINO DE MATERIA |
| Término de materia o nombre geográfico como elemento de entrada |
Fashion & beauty industries |
| 9 (RLIN) |
25472 |
| 700 ## - ENTRADA AGREGADA--NOMBRE PERSONAL |
| Nombre de persona |
Horvath, Delphine, |
| Término indicativo de función/relación |
author. |
| 9 (RLIN) |
25473 |
| 942 ## - ELEMENTOS DE ENTRADA AGREGADA (KOHA) |
| Fuente del sistema de clasificación o colocación |
Clasificación de Library of Congress |